000 00301nam a2200109Ia 4500
008 200302s9999 xx 000 0 und d
100 _aErnest Burden
245 _aElements of architectural design A Photographic sourcebook 2nd ed
260 _bJohn Willey and Sons Inc.
260 _c2000
300 _a342
999 _c6597
_d6597